Équipe NBA par joueur - Statistiques

Statistiques générales
  • Ce quiz a été pris 3 871 fois
  • Le résultat moyen est 25 sur 30
Statistiques - réponses
Hint Réponse % Correct
Anthony Davis Los Angeles Lakers
99%
Luka Doncic Dallas Mavericks
95%
Giannis Antetokounmpo Milwaukee Bucks
91%
Joel Embiid Philadephia 76ers
91%
Nikola Jokic Denver Nuggets
90%
Klay Thompson Golden States Warriors
88%
Tyler Herro Miami Heat
88%
Devin Booker Phoenix Suns
88%
Jaylen Brown Boston Celtics
86%
Ja Morant Memphis Grizzlies
86%
Zach LaVine Chicago Bulls
85%
Nicolas Batum Los Angeles Clippers
85%
Rudy Gobert Minnesota Timberwolves
84%
Victor Wenbanyama San Antonio Spurs
84%
Donovan Mitchell Cleveland Cavaliers
82%
Damian Lillard Portland Trail Blazers
82%
Mikal Bridges Brooklyn Nets
81%
Tyrese Haliburton Indiana Pacers
81%
Shai Gilgeous-Alexander Oklahoma City Thunder
81%
De'Aaron Fox Sacramento Kings
81%
Lauri Markkanen Utah Jazz
79%
Kyle Kuzma Washington Wizards
79%
Pascal Siakam Toronto Raptors
78%
Cade Cunningham Detroit Pistons
76%
Evan Fournier New York Knicks
76%
Brandon Ingram New Orleans Pelicans
73%
Clint Capela Atlanta Hawks
71%
Gordon Hayward Charlotte Hornets
66%
Fred Van Vleet Houston Rockets
66%
Cole Anthony Orlando Magic
66%
Aucun quiz correspondant
Distribution des résultats
% des personnes avec chaque résultat
Percentile par nombre de réponses
Votre historique - résultats
Vous n’avez pas pris ce quiz